The History of Tom Jones
Novela de comedia que relata la historia de Tom Jones, un joven adoptado por el señor Allworthy, un caballero rural, que tras encontrar al bebé abandonado toma cargo de él. Pero tras ser caluñado por Blifil, es desterrado del lugar y forzado a buscar fortuna en Londres; siendo seguido luego por Soph...
Kaydedildi:
| Yazar: | |
|---|---|
| Materyal Türü: | Kitap |
| Dil: | Undetermined |
| Baskı/Yayın Bilgisi: |
New York, Estados Unidos
Modern Library
1950
|
| Konular: | |
| Etiketler: |
Etiketle
Etiket eklenmemiş, İlk siz ekleyin!
|
MARC
| LEADER | 00000nam a2200000Ia 4500 | ||
|---|---|---|---|
| 008 | 170316s9999 xx 000 0 und d | ||
| 040 | |a cru BVZT | ||
| 090 | |a 820 F-2t | ||
| 100 | |a Fielding, Henry | ||
| 245 | |a The History of Tom Jones | ||
| 260 | |a New York, Estados Unidos | ||
| 260 | |b Modern Library | ||
| 260 | |c 1950 | ||
| 300 | |a 885 páginas | ||
| 520 | |a Novela de comedia que relata la historia de Tom Jones, un joven adoptado por el señor Allworthy, un caballero rural, que tras encontrar al bebé abandonado toma cargo de él. Pero tras ser caluñado por Blifil, es desterrado del lugar y forzado a buscar fortuna en Londres; siendo seguido luego por Sophi, la bella hija de un caballero del lugar, que desea evitar un matrimonio con Blifil, | ||
| 650 | |a LITERATURA INGLESA |9 12 | ||
| 999 | |c 6881 |d 6881 | ||
| 942 | |c LIB |h 820 F-2t |2 z | ||
